000 00389nam a2200157Ia 4500
003 OSt
005 20230606111549.0
008 211028s2010 xx 000 0 und d
040 _cAIMIT LIBRARY
041 _aeng
100 _aVarshal, D; Rakesh.
_98252
_e081922
110 _aRakesh
_98253
245 _aWeb based purchase requisition.
260 _aMangalore
_c2010
942 _2ddc
_cPRO
999 _c219795
_d219795